000 00626nam a2200229 a 4500
001 BRCA_5443
005 20190320205059.0
008 141210s1897----gw-a######---#000-0#ger-#
041 _ager
044 _agw
050 4 _aND623
_b.T59 1897
100 1 _aKnackfuss, H.
_913362
245 1 0 _aTizian
_cvon H. Knackfuss.
260 _aBielefeld, Alemania
_bVelhagen & Klasing
_c1897
300 _a151 p.
_bil., 123 láminas
_c25 cm.
440 0 _aKünstler-Monographien
_v29
_913466
500 _aE158
600 1 4 _aTiziano, Vecelli
_d1477-1576
_913905
650 1 4 _aPintores italianos
_97654
902 _aGFM
942 _2lcc
_cB
999 _c5137
_d5137